|
|
|
|
| LEADER |
00000nam a2200000 i 4500 |
| 001 |
115620 |
| 003 |
CZ ZlUTB |
| 005 |
20260507100339.0 |
| 007 |
ta |
| 008 |
260507s2010 xxk f 001 0 eng d |
| 020 |
|
|
|a 978-0-415-49298-0
|q (brožováno)
|
| 040 |
|
|
|a ZLD002
|b cze
|e rda
|
| 044 |
|
|
|a xxk
|a xxu
|
| 072 |
|
7 |
|a 37.09
|x Organizace výuky a vzdělávání
|2 Konspekt
|9 22
|
| 080 |
|
|
|a 37.018.43
|2 MRF
|
| 080 |
|
|
|a 371.2
|2 MRF
|
| 080 |
|
|
|a 37.064
|2 MRF
|
| 080 |
|
|
|a 304
|2 MRF
|
| 080 |
|
|
|a 37.014.5
|2 MRF
|
| 080 |
|
|
|a 316.472.4
|2 MRF
|
| 080 |
|
|
|a 371.3
|2 MRF
|
| 080 |
|
|
|a (048.8)
|2 MRF
|
| 100 |
1 |
|
|a Fenwick, Tara J.,
|d 1956-
|7 mub20231195483
|4 aut
|
| 245 |
1 |
0 |
|a Actor-network theory in education /
|c Tara Fenwick and Richard Edwards
|
| 250 |
|
|
|a First edition
|
| 264 |
|
1 |
|a London ;
|a New York :
|b Routledge, Taylor & Fransis Group,
|c 2010
|
| 300 |
|
|
|a xi, 187 stran ;
|c 24 cm
|
| 336 |
|
|
|a text
|b txt
|2 rdacontent
|
| 337 |
|
|
|a bez média
|b n
|2 rdamedia
|
| 338 |
|
|
|a svazek
|b nc
|2 rdacarrier
|
| 504 |
|
|
|a Obsahuje bibliografické odkazy a rejstřík
|
| 650 |
0 |
7 |
|a distanční vzdělávání
|7 ph119487
|x sociální aspekty
|2 czenas
|
| 650 |
0 |
7 |
|a kurikulum
|7 ph115039
|2 czenas
|
| 650 |
0 |
7 |
|a klima školy
|7 ph249611
|x sociální aspekty
|2 czenas
|
| 650 |
0 |
7 |
|a sociální sítě
|7 ph125817
|2 czenas
|
| 650 |
0 |
7 |
|a vzdělávací politika
|7 ph127308
|2 czenas
|
| 650 |
0 |
7 |
|a studium a výuka
|7 ph136700
|2 czenas
|
| 650 |
0 |
9 |
|a distance education
|2 eczenas
|
| 650 |
0 |
9 |
|a curriculum
|2 eczenas
|
| 650 |
0 |
9 |
|a school environment
|2 eczenas
|
| 650 |
0 |
9 |
|a social networks
|2 eczenas
|
| 650 |
0 |
9 |
|a educational policy
|2 eczenas
|
| 650 |
0 |
9 |
|a study and teaching
|2 eczenas
|
| 655 |
|
7 |
|a studie
|7 fd133597
|2 czenas
|
| 655 |
|
9 |
|a studies
|2 eczenas
|
| 700 |
1 |
|
|a Edwards, Richard,
|d 1956 červenec 2.-
|7 osd2011650202
|4 aut
|
| 710 |
2 |
|
|a Routledge (firma)
|7 xx0342426
|4 pbl
|
| 710 |
2 |
|
|a Taylor & Francis
|7 kn20091109006
|4 pbl
|
| 910 |
|
|
|a ZLD002
|
| 928 |
9 |
|
|a Taylor & Fransis Group
|
| 942 |
|
|
|2 udc
|
| 952 |
|
|
|0 0
|1 0
|4 0
|5 0
|6 37FENWICKTJ
|7 -1
|8 BOOK
|9 191056
|a UTBZL
|b UTBZL
|c 005
|d 2026-05-07
|l 0
|o 37/FENWICK,T.J.
|p 420010201992
|r 2026-05-07 10:04:22
|v 690.00
|w 2026-05-07
|x N:nákup
|y 01
|
| 992 |
|
|
|a BK
|b SKNEW
|
| 999 |
|
|
|c 115620
|d 115620
|